Największe wyspy w Indonezji - Statystyki

Ogólne statystyki
  • Ten quiz został rozwiązany 98 razy
  • Średni wynik to 6 z 15
Statystyki odpowiedzi
Miejsce Odpowiedź % Poprawnych
5 Jawa
91%
2 Sumatra
86%
1 Borneo
81%
15 Bali
62%
4 Celebes
61%
3 Nowa Gwinea
56%
8 Timor
52%
10 Flores
20%
13 Sumba
20%
9 Sumbawa
15%
7 Seram
12%
14 Buru
9%
12 Bangka
8%
11 Yos Sudarso
2%
6 Halmahalera
0%
Nie znaleziono quizów pasujących do podanych kryteriów
Rozkład punktacji
Procent ludzi z każdym wynikiem
Percentyl według liczby udzielonych odpowiedzi
Twoja historia wyników
Nie rozwiązałeś tego quizu